[Event "Biel Chess Festival 2024 - Amateur tournament"]
[Site "Biel/Bienne"]
[Date "2024.07.17"]
[Round "2"]
[Board "7"]
[White "Richard, Jean-Paul"]
[Black "Conrad, Vincent"]
[Result "0-1"]
[WhiteElo "1796"]
[BlackElo "1931"]
[PlyCount "0"]
[EventDate "2024.07.16"]
[EventRounds "9"]
[EventCountry "SUI"]

1. e4 e6 2. Nf3 d5 3. e5 c5 4. b4 cxb4 5. d4 Bd7 6. a3 Qb6 7. Be2 Bb5 8. axb4 Bxb4+
9. c3 Bxe2 10. Qxe2 Be7 11. O-O Nc6 12. Na3 Na5 13. Qb5+ Nc6 14. Qxb6 axb6 15. Bb2
Bxa3 16. Bxa3 Nge7 17. Bd6 Kd7 18. Rfb1 Rxa1 19. Rxa1 Na5 20. Bb4 Nec6 21. g3 h6
22. Rb1 Nc4 23. Ra1 N6a5 24. Kf1 Rc8 25. Ke2 Kc6 26. Nd2 Nxd2  0-1

[Event "Biel Chess Festival 2024 - Amateur tournament"]
[Site "Biel/Bienne"]
[Date "2024.07.17"]
[Round "2"]
[Board "16"]
[White "Szelag, Zuzanna"]
[Black "Zarriess, Benjamin"]
[Result "1-0"]
[WhiteElo "1893"]
[BlackElo "1767"]
[PlyCount "0"]
[EventDate "2024.07.16"]
[EventRounds "9"]
[EventCountry "SUI"]

1. e4 e5 2. Nf3 Nc6 3. Bb5 a6 4. Ba4 Nf6 5. Qe2 b5 6. Bb3 Bc5 7. c3 d6 8. d3 h6 9.
Nbd2 Rb8 10. O-O O-O 11. h3 a5 12. a4 b4 13. Rd1 Ba6 14. Bc4 Bxc4 15. Nxc4 Re8 16.
Nh4 d5 17. Nd2 Bb6 18. Ndf3 dxe4 19. dxe4 Qc8 20. Nf5 Qe6 21. Be3 Bxe3 22. Qxe3 Red8
23. Nd2 Ne7 24. Nxe7+ Qxe7 25. Nc4 Rxd1+ 26. Rxd1 Ra8 27. Rd2 b3 28. Rd1 Nd7 29.
Rd5 c6 30. Rxa5 Rb8 31. Ra7 Qe6 32. Nd2 Nb6 33. Qc5 Nd7 34. Qa3 c5 35. a5 Qd6 36.
Nc4 Qd1+ 37. Kh2 Qe2 38. Nb6 Nxb6 39. axb6 Rxb6 40. Qxc5  1-0

[Event "Biel Chess Festival 2024 - Amateur tournament"]
[Site "Biel/Bienne"]
[Date "2024.07.17"]
[Round "2"]
[Board "23"]
[White "Kuenzi, Anton"]
[Black "Klas, Friedrich Guenther"]
[Result "1-0"]
[WhiteElo "1862"]
[BlackElo "1750"]
[PlyCount "0"]
[EventDate "2024.07.16"]
[EventRounds "9"]
[EventCountry "SUI"]

1. Nf3 c6 2. b3 d5 3. Bb2 Bf5 4. g3 h6 5. Bg2 Nd7 6. d3 Ngf6 7. Nbd2 Bh7 8. O-O Qc7
9. c4 e6 10. Qc2 Be7 11. Bc3 e5 12. Ne1 O-O 13. e4 d4 14. Bb2 c5 15. Bh3 Ne8 16.
Ng2 f5 17. exf5 Bxf5 18. Bxf5 Rxf5 19. Ne4 Nd6 20. Qe2 Raf8 21. Rae1 Rf3 22. Nf4
R3xf4 23. gxf4 exf4 24. Nxd6 Bxd6 25. Qe6+ Kh8 26. f3 Ne5 27. Rd1 Rf6 28. Qh3 Qf7
29. Kh1 Rf5 30. Rg1 Rh5 31. Qg2 Qd7 32. Bc1 Rh3 33. Bxf4 Nxf3 34. Bxd6 Nxg1 35. Rxg1
Rxd3 36. Be5 Qc6 37. Qxc6 bxc6 38. Rxg7 Re3 39. Rg5+ Kh7 40. Rg7+ Kh8 41. Rg5+ Kh7
42. Rf5 Kg6 43. Rf6+ Kh5 44. Rxh6+ Kg4 45. Bg3 Re2 46. Kg1 Rxa2 47. Kf1 Kf3 48. Rf6+
Ke4 49. Rf2 Ra3 50. Re2+ Kf3 51. Ke1 Ra1+ 52. Kd2 Rg1 53. Kd3 Rd1+ 54. Rd2 Rb1 55.
Kc2 Ra1 56. Kb2 Rh1 57. Bd6 Ke3 58. Rc2 Rd1 59. Bxc5 Kd3 60. Rg2 a5 61. Rg3+ Ke2
62. Rg2+ Kf1 63. Kc2 Ra1 64. Rd2 Ra2+ 65. Kd3 Ra1 66. Bxd4 Rb1 67. Rf2+ Kg1 68. Re2+
 1-0

[Event "Biel Chess Festival 2024 - Amateur tournament"]
[Site "Biel/Bienne"]
[Date "2024.07.17"]
[Round "2"]
[Board "26"]
[White "Haas, Anthony"]
[Black "Harte, Bernd"]
[Result "1-0"]
[WhiteElo "1824"]
[BlackElo "1592"]
[PlyCount "0"]
[EventDate "2024.07.16"]
[EventRounds "9"]
[EventCountry "SUI"]

1. d4 d5 2. c4 e6 3. g3 Nf6 4. Bg2 Bb4+ 5. Nd2 O-O 6. Nf3 Nc6 7. O-O b6 8. Qc2 Bxd2
9. Bxd2 Bb7 10. Rfd1 Rc8 11. Rac1 Re8 12. Bf4 h6 13. a3 dxc4 14. Qxc4 Na5 15. Qa4
Nd5 16. b4 Nxf4 17. gxf4 Nc6 18. Ne5 Nxd4 19. Bxb7 Nxe2+ 20. Kf1 Qxd1+ 21. Rxd1 Nc3
22. Qd7 Rb8 23. Rd3 Nd5 24. Bxd5 exd5 25. Qxf7+ Kh7 26. Rg3 Rg8 27. Qg6+  1-0

[Event "Biel Chess Festival 2024 - Amateur tournament"]
[Site "Biel/Bienne"]
[Date "2024.07.17"]
[Round "2"]
[Board "29"]
[White "Bangerter, Daria"]
[Black "Kim, Yejun"]
[Result "1/2-1/2"]
[WhiteElo "1931"]
[BlackElo "1711"]
[PlyCount "0"]
[EventDate "2024.07.16"]
[EventRounds "9"]
[EventCountry "SUI"]

1. e4 c5 2. Nf3 d6 3. Bb5+ Bd7 4. Bxd7+ Qxd7 5. O-O Nf6 6. Re1 Nc6 7. c3 e6 8. d4
cxd4 9. cxd4 d5 10. e5 Ne4 11. Nbd2 Nxd2 12. Bxd2 Be7 13. Rc1 O-O 14. Rc3 Rfc8 15.
a3 b5 16. Rd3 b4 17. Ng5 Bxg5 18. Bxg5 bxa3 19. bxa3 Ne7 20. Qh5 Ng6 21. h4 Rc4 22.
Qg4 Qc7 23. Qg3 Qa5 24. Red1 h5 25. Qf3 Ra4 26. Rb1 Qa6 27. Rdb3 Rf8 28. Qc3 Qc4
29. Qxc4 Rxc4 30. Rb4 Rfc8 31. g3 a5 32. Rb8 Rxb8 33. Rxb8+ Kh7 34. Be3 Rc3 35. Rb7
Nh8 36. Bd2 Rxa3 37. Rb5 a4 38. Ra5 Ra1+ 39. Kg2 Ra2 40. Bb4 f6 41. exf6 gxf6 42.
Ra6 e5 43. Rxf6 exd4 44. Rf5 Rb2 45. Bc5 d3 46. Rxh5+ Kg6 47. Rxd5 d2 48. Kf1 Rb5
49. Rg5+ Kh7 50. Ke2 Nf7 51. Rh5+ Kg6 52. g4 a3 53. Bxa3 Rxh5 54. gxh5+ Kxh5 55.
Be7 Kg4 56. Kxd2 Kf3 57. Ke1 Ne5 58. Kf1 Nf7 59. h5 Kg4 60. Ke2 Kxh5 61. Ke3 Kg4
62. Ke4 Nh6 63. f3+ Kh5 64. f4 Kg4 65. Bg5 Nf5 66. Ke5 Ng3 67. Be7 Nf5  1/2-1/2

[Event "Biel Chess Festival 2024 - Amateur tournament"]
[Site "Biel/Bienne"]
[Date "2024.07.17"]
[Round "2"]
[Board "32"]
[White "Buntschu, Kurt"]
[Black "Speerli, Maria"]
[Result "1-0"]
[WhiteElo "1868"]
[BlackElo "1540"]
[PlyCount "0"]
[EventDate "2024.07.16"]
[EventRounds "9"]
[EventCountry "SUI"]

1. e4 c5 2. c3 d5 3. exd5 Qxd5 4. d4 g6 5. Nf3 Bg7 6. Be3 cxd4 7. cxd4 Nf6 8. Nc3
Qa5 9. Bb5+ Bd7 10. Bxd7+ Nbxd7 11. O-O O-O 12. Qb3 Qb6 13. Qa3 Rfe8 14. Ne5 Qd8
15. Rfd1 Qb8 16. Nxd7 Nxd7 17. Rac1 Nf6 18. h3 a6 19. Qb3 Rd8 20. a4 Rd7 21. d5 Rd8
22. a5 Re8 23. Na4 Nd7 24. g3 h6 25. Bf4 Be5 26. Bxe5 Nxe5 27. Nb6 Ra7 28. Qe3 Kg7
29. f4  1-0

[Event "Biel Chess Festival 2024 - Amateur tournament"]
[Site "Biel/Bienne"]
[Date "2024.07.17"]
[Round "2"]
[Board "43"]
[White "Boyer, Jean-Francois"]
[Black "Settegrana, Miro"]
[Result "1-0"]
[WhiteElo "1742"]
[BlackElo "1532"]
[PlyCount "0"]
[EventDate "2024.07.16"]
[EventRounds "9"]
[EventCountry "SUI"]

1. e4 c5 2. Nf3 Nc6 3. d4 cxd4 4. Nxd4 g6 5. Nxc6 bxc6 6. Qd4 Nf6 7. e5 Nh5 8. Nc3
Qb6 9. Qd3 Ng7 10. Rb1 Ne6 11. Be3 Qc7 12. f4 a5 13. Qd2 Bg7 14. Be2 O-O 15. O-O
Bb7 16. Na4 Ba6 17. Bb6 Qb7 18. c4 f6 19. exf6 Bxf6 20. b3 Kg7 21. Rbd1 d6 22. Qe3
Nd8 23. Rf3 c5 24. f5 Bd4 25. Rxd4 cxd4 26. Bxd4+ e5 27. fxe6+ Kg8 28. e7 Re8 29.
exd8=Q Raxd8 30. Qd2 Qe4 31. Nc3 Qb7 32. Nd5  1-0

[Event "Biel Chess Festival 2024 - Amateur tournament"]
[Site "Biel/Bienne"]
[Date "2024.07.17"]
[Round "2"]
[Board "44"]
[White "Ahn, Taehyun"]
[Black "Weihs, David"]
[Result "1-0"]
[WhiteElo "1561"]
[BlackElo "1733"]
[PlyCount "0"]
[EventDate "2024.07.16"]
[EventRounds "9"]
[EventCountry "SUI"]

1. e4 c6 2. d4 d5 3. exd5 cxd5 4. Nf3 Bg4 5. Bd3 e6 6. O-O Nf6 7. Re1 Bd6 8. Bg5
h6 9. Bh4 O-O 10. Nbd2 Nbd7 11. c3 Qc7 12. h3 Bxf3 13. Qxf3 a6 14. Rac1 b5 15. b3
Ba3 16. Rc2 Bd6 17. c4 bxc4 18. bxc4 dxc4 19. Nxc4 Nd5 20. Ne5 Qa7 21. Nc6 Qb6 22.
Be4 N7f6 23. Bxf6 Nxf6 24. Ne7+ Bxe7 25. Bxa8 Qxd4 26. Rd1 Qa4 27. Rdc1 e5 28. Bc6
Qa5 29. Qe3 Rd8 30. Bf3 Ba3 31. Rb1 e4 32. Be2 Nd5 33. Qd4 Nb4 34. Qc3 Qa4 35. Qc7
Rd7 36. Qc8+ Kh7 37. Rc4 Rd2 38. Qf5+ Kg8 39. Rc8+  1-0

[Event "Biel Chess Festival 2024 - Amateur tournament"]
[Site "Biel/Bienne"]
[Date "2024.07.17"]
[Round "2"]
[Board "45"]
[White "Pavlov, Myroslav"]
[Black "Lee, Jinwoo A"]
[Result "1-0"]
[WhiteElo "1728"]
[BlackElo "1515"]
[PlyCount "0"]
[EventDate "2024.07.16"]
[EventRounds "9"]
[EventCountry "SUI"]

1. e4 c6 2. d4 d5 3. Nc3 dxe4 4. Nxe4 Nd7 5. Nf3 Ngf6 6. Nxf6+ Nxf6 7. Bd3 Bg4 8.
c3 e6 9. h3 Bh5 10. Bf4 Bd6 11. Bxd6 Qxd6 12. Qe2 Bg6 13. O-O-O Nd5 14. Bxg6 hxg6
15. Ne5 O-O-O 16. Qf3 Rhf8 17. h4 Nf6 18. g4 Nd7 19. Nd3 Nf6 20. h5 gxh5 21. g5 Qd5
22. Qxd5 Nxd5 23. Rxh5 g6 24. Rh7 Kd7 25. Nc5+ Kc8 26. Rdh1 b6 27. Nd3 Ne7 28. Ne5
Rd5 29. Nxf7 Kd7 30. Ne5+ Kd6 31. f3 c5 32. R1h4 cxd4 33. cxd4 Rc8+ 34. Kd2 Rc7 35.
Rh8 Nf5 36. Rd8+ Ke7 37. Rxd5 exd5 38. Nxg6+ Kd6 39. Rf4 Ne7 40. Nxe7 Rxe7 41. Rf6+
Kd7 42. g6 Rg7 43. Rf7+ Rxf7 44. gxf7 Ke7 45. Ke3 Kxf7 46. Kf4 Kf6 47. b3 a5 48.
a4 Ke6 49. Kg5 Kd6 50. f4 Ke7 51. Kg6 Kf8 52. Kf6 Ke8 53. Kg7 Ke7 54. f5 Kd6 55.
f6 Ke6 56. f7 Kf5 57. f8=Q+ Ke4 58. Qf6 Kd3 59. Qe5 Kc3 60. Qxd5 Kd3 61. Qc4+ Ke4
62. d5+ Ke5 63. Qc6 Kd4 64. d6 Ke5 65. d7 Kf4 66. d8=Q Ke3 67. Qe6+ Kf3 68. Qf8+
Kg3 69. Qg6+ Kh4 70. Qh8#  1-0

[Event "Biel Chess Festival 2024 - Amateur tournament"]
[Site "Biel/Bienne"]
[Date "2024.07.17"]
[Round "2"]
[Board "46"]
[White "Kuenzli, Manuel"]
[Black "Suwendo, Poedjo"]
[Result "0-1"]
[WhiteElo "1542"]
[BlackElo "1727"]
[PlyCount "0"]
[EventDate "2024.07.16"]
[EventRounds "9"]
[EventCountry "SUI"]

1. d4 e6 2. e4 d5 3. exd5 exd5 4. Nf3 Bd6 5. Nc3 c6 6. Bd3 b6 7. O-O Ne7 8. Re1 Ba6
9. Bxa6 Nxa6 10. Qd3 Nc7 11. Be3 Ne6 12. Rad1 Ng6 13. Ng5 Qc7 14. g3 O-O-O 15. Qf5
Ne7 16. Qxf7 Nxg5 17. Bxg5 Rdf8 18. Qe6+ Kd8 19. Re2 h6 20. Bxe7+ Qxe7 21. Qxe7+
Bxe7 22. Re6 Rf6 23. Rxf6 Bxf6 24. b4 Re8 25. b5 Kc7 26. a4 Rd8 27. bxc6 Kxc6 28.
Nb5 a6 29. Nc3 Kd6 30. f4 Rc8 31. Ne2 Rxc2 32. Kf2 Ra2 33. Ke3 Rxa4 34. Rb1 b5 35.
Nc3 Bxd4+ 36. Kd3 Bxc3 37. Kxc3 d4+ 38. Kd3 Kd5 39. Re1 Ra3+ 40. Kd2 Kc4 41. Re4
Ra2+ 42. Kd1 Kd3 43. Re1 Ra1#  0-1

[Event "Biel Chess Festival 2024 - Amateur tournament"]
[Site "Biel/Bienne"]
[Date "2024.07.17"]
[Round "2"]
[Board "47"]
[White "Schweizer, Ulrich"]
[Black "Choi, Juneho"]
[Result "1/2-1/2"]
[WhiteElo "1727"]
[BlackElo "1497"]
[PlyCount "0"]
[EventDate "2024.07.16"]
[EventRounds "9"]
[EventCountry "SUI"]

1. c4 e5 2. Nc3 Nc6 3. g3 Nf6 4. Bg2 Bc5 5. d3 O-O 6. Nf3 d6 7. O-O Bd7 8. h3 Re8
9. e4 Nd4 10. Nxd4 Bxd4 11. Bd2 Be6 12. Rb1 c6 13. Qe2 Qd7 14. Kh2 Rad8 15. Be3 Re7
16. Qc2 Bxe3 17. fxe3 Qc7 18. b4 d5 19. exd5 cxd5 20. c5 a6 21. Na4 b5 22. Nb6 Rb8
23. Qd2 Rd8 24. d4 e4 25. Qe2 Nd7 26. Nxd7 Rdxd7 27. Rf2 f6 28. Rbf1  1/2-1/2

[Event "Biel Chess Festival 2024 - Amateur tournament"]
[Site "Biel/Bienne"]
[Date "2024.07.17"]
[Round "2"]
[Board "48"]
[White "Kern, Beat"]
[Black "Kim, Danha"]
[Result "1/2-1/2"]
[WhiteElo "1717"]
[BlackElo "1491"]
[PlyCount "0"]
[EventDate "2024.07.16"]
[EventRounds "9"]
[EventCountry "SUI"]

1. d4 d5 2. Nf3 Nf6 3. e3 Nc6 4. c4 e6 5. Nc3 Bb4 6. a3 Bxc3+ 7. bxc3 O-O 8. Bd3
dxc4 9. Bxc4 Re8 10. O-O b6 11. Qc2 Bb7 12. Bd3 h6 13. e4 Ne7 14. Re1 Nd7 15. Bb2
c5 16. Qe2 Ng6 17. Qe3 cxd4 18. cxd4 e5 19. d5 Nc5 20. Bb5 Re7 21. Rad1 Qd6 22. Nd2
a6 23. Bf1 b5 24. Rc1 Rc8 25. Rc3  1/2-1/2

[Event "Biel Chess Festival 2024 - Amateur tournament"]
[Site "Biel/Bienne"]
[Date "2024.07.17"]
[Round "2"]
[Board "49"]
[White "Hottinger, Ieremia"]
[Black "Luedi, Paul"]
[Result "0-1"]
[WhiteElo "1523"]
[BlackElo "1715"]
[PlyCount "0"]
[EventDate "2024.07.16"]
[EventRounds "9"]
[EventCountry "SUI"]

1. e4 e6 2. d4 d5 3. Nc3 Nf6 4. Bg5 Be7 5. e5 Nfd7 6. Bxe7 Qxe7 7. Nf3 a6 8. Bd3
c5 9. Be2 Nc6 10. dxc5 Nxc5 11. Qd2 Nd7 12. Qe3 b5 13. a3 Bb7 14. O-O O-O 15. b4
f6 16. exf6 Qxf6 17. Ng5 Rfe8 18. Bg4 Nd8 19. Bf5 Qxf5 20. Ne2 h6 21. Nf3 e5 22.
Ng3 Qf7 23. Nh4 Qf4 24. Qxf4 exf4 25. Nh5 g5 26. Nf5 Nf7 27. Rfe1 Re5 28. Ne7+ Kh7
29. g3 Re8 30. Rxe5 Nfxe5 31. Nf5 Nf3+ 32. Kg2 d4 33. Nd6 Ne1+ 34. Kf1 Nxc2 35. Rc1
Re6 36. Nxb7 d3 37. Rd1 f3 38. g4 d2 39. Nc5 Re1+ 40. Rxe1 dxe1=Q#  0-1

[Event "Biel Chess Festival 2024 - Amateur tournament"]
[Site "Biel/Bienne"]
[Date "2024.07.17"]
[Round "2"]
[Board "50"]
[White "Noel, Lucien"]
[Black "Shin, Yisoo"]
[Result "1/2-1/2"]
[WhiteElo "1714"]
[BlackElo "1449"]
[PlyCount "0"]
[EventDate "2024.07.16"]
[EventRounds "9"]
[EventCountry "SUI"]

1. e4 e5 2. Bc4 Nf6 3. d4 exd4 4. Nf3 Nxe4 5. Qxd4 Nf6 6. Nc3 Nc6 7. Qh4 Be7 8. Bg5
h6 9. O-O-O d6 10. Rhe1 Be6 11. Bxe6 fxe6 12. Rxe6 Qd7 13. Bxf6 Qxe6 14. Bxe7 Nxe7
15. Re1 g5 16. Rxe6 gxh4 17. Nd5 Rh7 18. Nxe7 Rxe7 19. Rxh6 Kd7 20. Rxh4 Re2 21.
Rh7+ Re7 22. Rxe7+ Kxe7 23. Kd2 Rg8 24. g3 Kf6 25. h4 Kf5 26. Ng5  1/2-1/2

[Event "Biel Chess Festival 2024 - Amateur tournament"]
[Site "Biel/Bienne"]
[Date "2024.07.17"]
[Round "2"]
[Board "51"]
[White "Gueldenapfel, Thomas"]
[Black "Bachmann, Daniel"]
[Result "0-1"]
[WhiteElo "1513"]
[BlackElo "1713"]
[PlyCount "0"]
[EventDate "2024.07.16"]
[EventRounds "9"]
[EventCountry "SUI"]

1. d4 Nf6 2. c4 e6 3. Nc3 Bb4 4. Qc2 O-O 5. a3 Bxc3+ 6. Qxc3 d5 7. cxd5 exd5 8. Nf3
Ne4 9. Qc2 Bf5 10. Bf4 Ng3 11. Qd1 Nxh1 12. g3 Nd7 13. Bg2 Nxf2 14. Kxf2 Nf6 15.
Ke1 Re8 16. Bf1 Ne4 17. Rc1 c6 18. b4 a5 19. bxa5 Qxa5+ 20. Nd2 g5 21. Be3 Nc3 22.
Qb3 Rxe3 23. Qb2 Rae8 24. Nf3 Rxf3 25. Qd2 Rfe3 26. Kf2 Rxe2+ 27. Bxe2 Rxe2+ 28.
Qxe2 Nxe2 29. Kxe2 Bg4+ 30. Kf1 Qd2 31. Re1 Bh3+ 32. Kg1 Qxe1#  0-1

[Event "Biel Chess Festival 2024 - Amateur tournament"]
[Site "Biel/Bienne"]
[Date "2024.07.17"]
[Round "2"]
[Board "52"]
[White "Panda, Gyorgy"]
[Black "Rossi, Patrick"]
[Result "1-0"]
[WhiteElo "1713"]
[BlackElo "1539"]
[PlyCount "0"]
[EventDate "2024.07.16"]
[EventRounds "9"]
[EventCountry "SUI"]

1. Nf3 d5 2. g3 Nf6 3. Bg2 e6 4. O-O b6 5. c4 Bb7 6. d4 Nbd7 7. cxd5 exd5 8. Nc3
Be7 9. Bf4 O-O 10. Rc1 c5 11. e3 Nh5 12. dxc5 Nxf4 13. exf4 Nxc5 14. b4 Ne4 15. a3
Rc8 16. Nxe4 Rxc1 17. Qxc1 dxe4 18. Rd1 Qc8 19. Ne5 Qxc1 20. Rxc1 Bd6 21. Nc6 Rc8
22. Bxe4 g6 23. Rc2 f5 24. Nxa7 Ra8 25. Bxb7 Rxa7 26. Bd5+ Kg7 27. Rc3 Be7 28. Bc6
Kf6 29. Bd5 Kg7 30. Rd3 Kf6 31. Re3 Rd7 32. Re6+ Kg7 33. Bb3 Ra7 34. Bd5 Rd7 35.
Bc4 Ra7 36. Rxb6 Rxa3 37. Rb7 Ra1+ 38. Kg2 Re1 39. b5 Kf6 40. Rc7 Rc1 41. Rc6+ Kg7
42. b6 Rb1 43. Rc7 Kf6 44. b7 Bd6 45. Rf7#  1-0

[Event "Biel Chess Festival 2024 - Amateur tournament"]
[Site "Biel/Bienne"]
[Date "2024.07.17"]
[Round "2"]
[Board "54"]
[White "Kim, Hyunwoo B"]
[Black "Muehlemann, Walter"]
[Result "1-0"]
[WhiteElo "1462"]
[BlackElo "1677"]
[PlyCount "0"]
[EventDate "2024.07.16"]
[EventRounds "9"]
[EventCountry "SUI"]

1. e4 c5 2. Nf3 a6 3. d4 cxd4 4. Bc4 e6 5. Nxd4 b5 6. Bb3 Bb7 7. Nd2 Bc5 8. c3 Qb6
9. O-O Nf6 10. e5 Nd5 11. N2f3 O-O 12. Bc2 Nc6 13. Bxh7+ Kxh7 14. Ng5+ Kg8 15. Qh5
Nf6 16. exf6 gxf6 17. Qh7#  1-0

[Event "Biel Chess Festival 2024 - Amateur tournament"]
[Site "Biel/Bienne"]
[Date "2024.07.17"]
[Round "2"]
[Board "55"]
[White "Gertsch, Heinz"]
[Black "Loeffler, Helmut"]
[Result "0-1"]
[WhiteElo "1582"]
[BlackElo "1745"]
[PlyCount "0"]
[EventDate "2024.07.16"]
[EventRounds "9"]
[EventCountry "SUI"]

1. e4 c5 2. Nf3 d6 3. Nc3 Nf6 4. h3 e6 5. d4 cxd4 6. Nxd4 Nc6 7. Nxc6 bxc6 8. e5
Nd5 9. Ne4 dxe5 10. Bg5 Be7 11. Bd2 O-O 12. Bd3 Bb7 13. a3 Rc8 14. Qh5 g6 15. Qxe5
Qc7 16. Qg3 f5 17. Ng5 f4 18. Qh4 Qe5+ 19. Kd1 Bxg5 20. Qg4 Nf6 21. Qf3 Qxb2 22.
Rc1 c5 23. Qe2 Qb6 24. f3 Rce8 25. c4 e5 26. Rb1 Qc6 27. h4 Bh6 28. h5 Nxh5 29. Be4
Qa4+ 30. Bc2 Qd7 31. Be4 Bc6 32. Rxh5 gxh5 33. Bd5+ Bxd5 34. Qd3 Bc6 35. Qc3 Bg7
36. Qa5 e4 37. Kc2 Qd3+  0-1